000 00758nam a2200217Ii 4500
003 JO-AjNU
008 230605s9999||||xx |||||||||||||| ||und||
040 _aJO-AjNU
_bara
_erda
_cJO-AjNU
041 _aara
050 1 4 _aZ6621.17 1992
100 3 _aاعداد الحافظ ،محمد مطيع ,
_eauthor
_920703
245 0 0 _aمحاضرات المخطوطات العربية
250 _aط2
264 3 1 _aدمشق :جامعة دمشق ،1992
300 _a101ص
_bصور توضيحية
336 _atext
_btxt
_2rdacontent
337 _aunmediated
_bn
_2rdamedia
338 _avolume
_bnc
_2rdacarrier
490 0 _aكتاب الثقافة الإسلامية ؛ 14 
650 4 _aالمخطوطات العربيه -ايران-مخطوطات
_920704
999 _aA7067
_c10635
_d10635